00563 2200205 4500001002100000005001700021008004100038035002400079040001200103082001300115084001900128100001600147245007200163250001100235260003000246300002600276650002200302850001200324990002100336INLIS00000000001928420170119104722.0  0010-041600000000288 aYOPDYOG a297.2112 a297.2112 Tri M aTRI WAHYUDI aMetode al HUsnab: Mudah membaca Al-Qur'anc/ penyusun Tri Wahyudi. aCet.1. aSolobMaulana Mediac2014 aix, 106 hlm.c; 21 cm aAllah-Sifat-sifat aYOPDYOG a1042-RBM/PD.A.16